00682nai a2200157Ia 4500003000900000008004100009022002300050040001600073245007200089260008600161362002400247521006900271650004500340650004600385856009300431IN-BaIIA211028c9999 xx s 000 0 eng d a2644-1284 (Online) cIIA Library 0aIEEE Open Journal of the Industrial Electronics Societyh[eJournal] aNew York, USAbThe Institute of Electrical and Electronics Engineers, Inc. (IEEE) a1(); 2020 - Present bSubscribed through National Knowledge Resource Consortium (NKRC) a Power, Energy and Industry Applications aComponents, Circuits, Devices and Systems uhttps://ieeexplore.ieee.org/servlet/opac?punumber=8782706yClick Here to Access eJournal